000 00578nam a2200217 a 4500
999 _c5587
_d5587
001 5587
003 BD-JhCC
005 20221011134023.0
008 171218b1974 bg |||| |||| 000 0 eng d
020 _a0070990093
035 _a(BD-JhCC)
040 _aBD-JhCC
_dBD-JhCC
041 _aeng
082 _a515.63
_bSPI 1974
100 _aSpiegel, Murray R.
245 _aTheory and Problems of Vector Analysis /
_cMurray R. Spiegel, Ph.D.
260 _aNew York:
_bMcGra - Hill Book Company
_c1974
300 _a225p. :
_c24 cm
650 _aVector Analysis
942 _2ddc
_cBK
_03